Statistics for Dinosaurs in Game of Ark: Survival Evolved

Click here to take the quiz!

General Stats

  • This quiz has been taken 115 times
  • The average score is 30 of 119

Answer Stats

#Dinosaur% Correct
95Rex
69%
30Dodo
61%
94Raptor
58%
2Allosaurus
57%
40Giganotosaurus
56%
65Megalodon
56%
13Brontosaurus
51%
100Spinosaur
51%
110Triceratops
51%
8Argentavis
48%
90Pteranodon
48%
83Parasaur
47%
97Sabertooth
44%
23Dilophosaur
43%
27Diplodocus
40%
107Titanoboa
40%
15Carnotaurus
39%
29Direwolf
39%
93Quetzal
39%
101Stegosaurus
39%
118Wyvern
38%
28Dire Bear
36%
59Mammoth
36%
109Titanosaur
36%
73Mosasaurus
35%
71Microraptor
34%
99Sarcosuchus
32%
6Araneo
31%
20Compy
31%
88Plesiosaur
31%
112Troodon
31%
38Gallimimus
29%
119Yutyrannus
29%
1Achatina
27%
10Baryonyx
27%
31Doedicurus
27%
52Kaprosuchus
27%
63Megalania
27%
66Megalosaurus
27%
69Megatherium
27%
117Woolly Rhino
27%
4Anglerfish
26%
42Griffin
26%
78Oviraptor
26%
103Terror Bird
26%
106Thylacoleo
26%
9Arthropluera
25%
48Iguanodon
25%
58Lystrosaurus
25%
67Meganeura
25%
98Sabertooth Salmon
25%
104Therizinosaur
25%
11Basilosaurus
23%
24Dimetrodon
23%
25Dimorphodon
23%
32Dragon
23%
36Equus
23%
41Gigantopithecus
23%
76Onyc
23%
81Pachyrhinosaurus
23%
102Tapejara
23%
111Trilobite
23%
3Ammonite
22%
14Carbonemys
22%
54Leech
22%
60Manta
22%
79Ovis
22%
85Pelagornis
22%
87Piranha
22%
12Beelzebufo
21%
19Coelacanth
21%
46Ichthyornis
21%
70Mesopithecus
21%
77Otter
21%
91Pulmonoscorpius
21%
16Castoroides
19%
47Ichthyosaurus
19%
53Kentrosaurus
19%
64Megaloceros
19%
80Pachycephalosaurus
19%
82Paraceratherium
19%
7Archaeopteryx
18%
39Giant Bee
18%
51Kairuku
18%
62Mantis
18%
84Pegomastax
18%
22Deinonychus
17%
26Diplocaulus
17%
68Megapithecus
17%
108Titanomyrma
17%
114Unicorn
17%
21Daeodon
16%
33Dung Beetle
16%
55Leedsichthys
16%
74Moschops
16%
113Tusoteuthis
16%
35Electrophorus
14%
43Hesperornis
14%
49Jerboa
14%
86Phiomia
14%
89Procoptodon
14%
92Purlovia
14%
115Vulture
14%
18Cnidaria
13%
34Dunkleosteus
13%
56Liopleurodon
13%
72Morellatops
13%
17Chalicotherium
12%
37Eurypterid
12%
61Manticore
12%
96Rock Elemental
12%
5Anklyosaurus
10%
45Hyaenodon
10%
50Jug Bug
9%
105Thorny Dragon
9%
57Lymantria
8%
44Human
6%
75Oil Jug Bug
1%
116Water Jug Bug
1%

Score Distribution

Percentile by Number Answered

Percent of People with Each Score

Your Score History

You have not taken this quiz